Closest Living Relatives - Statistics

General Stats
  • This quiz has been taken 5 times
  • The average score is 8 of 12
Answer Stats
Question Answer % Correct
What is an Aye Aye's closest relative?
100%
What is T Rex's closest relative
100%
What is Helicoprion's closest relative?
100%
What are Penguin's closest relative
60%
What is a Hammerhead's closest relative
60%
What is an elephant's closest relative?
60%
What is a Opossum closest relative
60%
What is a Dodo's closest relative?
60%
What is a Hermit Crab's closest relative
40%
What is a Man o war's closest relative
40%
What is Megalodon's closest relative?
40%
What is Human's closest relative?
40%
No matching quizzes found
Score Distribution
Percent of People with Each Score
Percentile by Number Answered
Your Score History
You have not taken this quiz